| 000 | 00544cam a2200193ua 4500 | ||
|---|---|---|---|
| 001 | 6538 | ||
| 005 | 20260515114050.0 | ||
| 008 | 131221n ii |||gr||||Z||||||asm | ||
| 040 | _cMAIN | ||
| 082 | _a338.7 | ||
| 245 |
_aByabasay sangathan aru parichalana : _bVolume I / _cBy Anil kumar sarmah . |
||
| 250 | _a3rd ed. | ||
| 260 |
_aGuwahati: _bUniversity publication department, _c1992. |
||
| 300 | _ax,239p. | ||
| 653 | _aCommerce | ||
| 653 | _aByabasay sangathan aru parichalana : | ||
| 700 |
_aSarmah,Anil kumar, _eAuthor. |
||
| 942 | _cBK | ||
| 999 |
_c5682 _d5682 |
||